Estadísticas para Rosco de Pasapalabra #97

Haz click aquí para intentar la prueba.

Estadísticas generales

  • Esta prueba ha sido intentada 102 veces
  • La puntuación promedio es 14 de 25

Estadísticas de respuestas

InicialDefiniciónRespuesta% Correcto
AGuardar dinero como previsión para necesidades futurasAhorrar
99%
CCada una de las grandes extensiones de tierra separadas por los océanosContinente
92%
IQue no puede ser vistoInvisible
88%
BJuego que se practica sobre una mesa rectangular forrada de paño y que consiste en impulsar bolas con un tacoBillar
86%
Contiene la ÑRecipiente lleno de dulces que se cuelga para jugar a romperlo con un palo llevando los ojos vendadosPiñata
86%
JSegundo período de la era mesozoica, caracterizado por el apogeo de los dinosauriosJurásico
84%
GInstrumento musical de viento formado por una bolsa de cuero o fuelle que tiene acoplados tres tubosGaita
81%
RAparato de calefacción por el cual circula el fluido destinado a calentar el ambienteRadiador
73%
Contiene la QComprar, obtener algo por un precioAdquirir
71%
PConjunto de habitaciones que constituyen vivienda independiente en una casa de varias alturasPiso
67%
ESituación de peligro o desastre que requiere una acción inmediataEmergencia
63%
OSustancia narcótica y muy adictiva que se extrae de la adormideraOpio
63%
TInfusión de flores de tilo que se toma como bebida sedanteTila
62%
DTramo de una carretera que se aparta de la generalDesviación
56%
Contiene la XPecho de las personas y de los animalesTórax
56%
MMasa fundida existente en el interior de la TierraMagma
55%
ZCiudad más poblada de SuizaZúrich
55%
FBanquete espléndidoFestín
49%
LTiempo que transcurre desde la constitución de los cuerpos legislativos del Estado hasta su disoluciónLegislatura
33%
VFunda ajustada para armas blancas o instrumentos cortantes o punzantesVaina
32%
UMaterial de construcción hecho a base de cemento y de fibras, generalmente de asbesto, usado sobre todo en cubiertas y tejadosUralita
19%
Contiene la YMamífero lemúrido de Madagascar, de cola larga y peluda, dedos muy largos y movimientos pesadosAyeaye
5%
HApellido del crítico de danza que dirigió la Royal Ballet School de Londres entre los años 1946 y 1965Haskell
1%
NNombre del duque de Bretaña que gobernó en el siglo IX y rivalizó con el rey francés Carlos II el CalvoNominoë
1%
SOficina de palacio, a cuyos dependientes tocaba servir y repartir la comidaSausería
1%

Distribución de puntuación

Porcentaje por número respondido

Porcentaje de gente con cada puntuación

Historial de tus puntuaciones

No has intentado esta prueba.